Kosovo First Level Subdivisions - Statistics

General Stats
  • This quiz has been taken 247 times
  • The average score is 4 of 7
Answer Stats
Rajone % Correct
Pristina
95%
Prizren
65%
Mitrovica
63%
Peja/Peć
62%
Ferizaj
54%
Gjakova
47%
Gjilan
47%
No matching quizzes found
Score Distribution
Percent of People with Each Score
Percentile by Number Answered
Your Score History
You have not taken this quiz